Porfirio Barba-Jacob y su lamento poético (Record no. 187258)

MARC details
000 -LEADER
campo de control de longitud fija 01061nam a2200277 i 4500
001 - NÚMERO DE CONTROL
campo de control 187258
003 - IDENTIFICADOR DE NÚMERO DE CONTROL
campo de control SpMaBN
005 - FECHA Y HORA DE LA ÚLTIMA TRANSACCIÓN
campo de control 20251017063116.0
008 - DATOS DE LONGITUD FIJA--INFORMACIÓN GENERAL
campo de control de longitud fija 170519s1991 ck cf |||| |dspa d
080 ## - NÚMERO DE LA CLASIFICACIÓN DECIMAL UNIVERSAL
Número de la Clasificación Decimal Universal 821.134.2(861) Barba-Jacob, Porfirio 1.07
100 1# - ENTRADA PRINCIPAL--NOMBRE DE PERSONA
Nombre de persona Santa, Eduardo,
Fechas asociadas al nombre 1927-
9 (RLIN) 162754
245 10 - MENCIÓN DEL TÍTULO
Título Porfirio Barba-Jacob y su lamento poético
Resto del título : (estudio crítico) /
Mención de responsabilidad, etc. Eduardo Santa.
260 ## - PUBLICACIÓN, DISTRIBUCIÓN, ETC.
Lugar de publicación, distribución, etc. Bogotá :
Nombre del editor, distribuidor, etc. Instituto Caro y Cuervo,
Fecha de publicación, distribución, etc. 1991.
300 ## - DESCRIPCIÓN FÍSICA
Extensión 221 p., VI h. de lám. ;
Dimensiones 20 cm.
490 1# - MENCIÓN DE SERIE
Mención de serie La granada entreabierta ;
Designación de volumen o secuencia 57
500 ## - NOTA GENERAL
Nota general Índice.
504 ## - NOTA DE BIBLIOGRAFÍA, ETC.
Nota de bibliografía, etc. Bibliografía: p. [163]-174.
505 8# - NOTA DE CONTENIDO CON FORMATO
Nota de contenido con formato Contiene: Suplemento poético
599 ## - NOTA A LAS ILUSTRACIONES
NOTA A LAS ILUSTRACIONES H. de lám.: retr. y caricaturas de Porfirio Barba-Jacob.
600 17 - PUNTO DE ACCESO ADICIONAL DE MATERIA--NOMBRE DE PERSONA
Nombre de persona Barba-Jacob, Porfirio-
Subdivisión general Crítica e interpretación.
9 (RLIN) 162755
700 12 - ENTRADA AGREGADA--NOMBRE PERSONAL
Nombre de persona Barba-Jacob, Porfirio.
9 (RLIN) 25365
710 2# - ENTRADA AGREGADA--NOMBRE DE ENTIDAD CORPORATIVA
Nombre de entidad corporativa o nombre de jurisdicción como elemento de entrada Instituto Caro y Cuervo.
9 (RLIN) 4806
830 0# - PUNTO DE ACCESO ADICIONAL DE SERIE-TÍTULO UNIFORME
Título uniforme La granada entreabierta ;
Designación de volumen o secuencia 57
9 (RLIN) 192760
852 ## - LOCALIZACIÓN
Ubicación ES-MaACL
Número de control de estantería L-31610
Nota libre . - Donat. Viuda Antonio Tovar
Holdings
Estatus retirado Estado de pérdida Estado de daño No para préstamo Biblioteca de origen Biblioteca actual Ubicación en estantería Fecha de adquisición Fuente de adquisición Total de préstamos Signatura topográfica completa Código de barras Visto por última vez Precio de reemplazo Tipo de ítem Koha
        Biblioteca del Ateneo de Madrid Biblioteca del Ateneo de Madrid Depósito 2 19/05/2017     L-31610 1197608 23/02/2023 23/02/2023 Libro impreso